00453nam a22001697a 450000500170000001000220001702000260003903500170006503500140008203700150009608200080011110000190011924500400013826000310017827000520020930000220026120170227144636.0 a1617EN ENG-116986 a9788129140265c395.00 aB-648196-214 aEN-100518 adplbPansy a880 aGibran, Khalil aThe definitive / cby Khalil Gibran aNew DelhibRupa Pub.c2016 a7/16, Ansari Road, DaryaganjbNew Delhie110002 a625 p.c20cm (hb)